5+ Rolling Stone Cover Appearances Quiz Stats

 Plays Quiz Updated Aug 20, 2018

Challenge
Share
Tweet
Embed
Score 0/80 Timer 08:00
4 Plays Today
Appearances Celebrity % Correct
31John Lennon
82.5%
30Paul McCartney
81%
31Mick Jagger
76.7%
8Michael Jackson
72.1%
19George Harrison
71%
16Ringo Starr
70.7%
6Elton John
67.3%
21Madonna
64.8%
23Keith Richards
58.1%
13Britney Spears
51.1%
16Jimi Hendrix
50.4%
25Bob Dylan
48.4%
24Bono
47.9%
10Kurt Cobain
45.3%
25Bruce Springsteen
42.9%
8Elvis Presley
40.7%
9Robert Plant
38.9%
12Eric Clapton
35.8%
14Eminem
34.7%
9Jimmy Page
34.5%
7Janis Joplin
34%
6Steven Tyler
33.7%
6Chad Smith
33.5%
5Billy Joel
33.2%
6Dave Grohl
32.7%
7Jim Morrison
32.6%
6Jay-Z
31.2%
8Justin Timberlake
30.2%
9Prince
29.8%
7Neil Young
28.8%
12The Edge
28.1%
5Christina Aguilera
26.3%
11David Bowie
25.7%
5Ron Wood
24.3%
10Sting
22.9%
10Barack Obama
22.3%
7Axl Rose
21.9%
5Paul Simon
21.3%
11Pete Townshend
21.2%
5Tupac Shakur
20.6%
Appearances Celebrity % Correct
5Carly Simon
20.1%
5Ozzy Osbourne
19.9%
9James Taylor
19.8%
7Tom Petty
19.5%
7Eddie Vedder
18.8%
6Rod Stewart
18.3%
5David Crosby
17.8%
16Jerry Garcia
16.5%
5Eddie Van Halen
16.4%
7Flea
16.3%
5Courtney Love
16%
7Robin Williams
15.5%
10Tina Turner
15%
7Yoko Ono
14.2%
7Stevie Nicks
14.1%
9Anthony Kiedis
13.5%
8Michael Stipe
13.2%
6Bill Berry
13.2%
8Johnny Depp
12.1%
8Billie Joe Armstrong
12%
7Tom Cruise
11.3%
5Harrison Ford
10.6%
10Adam Clayton
10.6%
8James Hetfield
10.6%
6Peter Buck
10.2%
10Larry Mullen, Jr.
9.5%
5Eddie Murphy
9.2%
5Joni Mitchell
9.2%
9Dave Matthews
9.2%
5Marilyn Manson
7%
5Grace Slick
6.6%
7Jackson Browne
6.3%
8Jack Nicholson
5.9%
5Hunter S. Thompson
5.8%
10David Letterman
5.7%
7Mike Mills
5.5%
8John Belushi
4.9%
7John Travolta
4.6%
7Linda Ronstadt
3.4%
6Alanis Morissette
3%

You're not logged in!

Compare scores with friends on all Sporcle quizzes.
OR
Log In

You Might Also Like...

Show Comments

Extras

Top Quizzes Today


Score Distribution

Your Account Isn't Verified!

In order to create a playlist on Sporcle, you need to verify the email address you used during registration. Go to your Sporcle Settings to finish the process.

Report this User

Report this user for behavior that violates our Community Guidelines.

Details: